000
00316 a2200133 4500
001
155418
040
_c
Escola São Tomás de Aquino
240
1
0
_a
Aprender e praticar gramática
_l
por
245
1
0
_a
Aprender e praticar gramática
362
0
_a
2003
440
1
_a
FTD
697
_a
Língua portuguesa
942
_c
BK
999
_c
155418
_d
155418